Management d’impresa e strategie competitive Dinamiche settoriali, conoscenza, decisioni /

Detalles Bibliográficos
Autor principal: Maizza, Amedeo
Formato: eBook
Lenguaje:italiano
Publicado: Bari : Cacucci Editore, 2013
Materias:
Acceso en línea:Acceso restringido

MARC

LEADER 00000nam a22000007a 4500
005 20130710185435.0
007 cr|||| ||||
008 130710s2013 it |||||s|||| 00||0 ita d
020 |a 9788866112631 
035 |a 11386 
040 |a vLex 
090 |c 4418  |d 4418 
100 1 |a  Maizza, Amedeo 
245 1 0 |a Management d’impresa e strategie competitive  |h [Recurso electrn̤ico] :  |b Dinamiche settoriali, conoscenza, decisioni /  |c Amedeo Maizza  
256 |a Servicio en ln̕ea 
260 |a Bari :  |b Cacucci Editore,  |c 2013 
300 |a 1 recurso electrn̤ico 
506 1 |a Contenido solo disponible en los productos indicados  |d vLex Global  |d vLex Global (Academic Edition, excluding Law Schools)  |d vLex Global (U.S. Academic Edition, Law Schools)  |d vLex Global (U.S. Academic Edition, excluding Law Schools)  |d vLex Global (Academic Edition, Law Schools) 
650 0 4 |a Empresas  |x Direccin̤ i administracin̤  |z Italia 
740 0 |a vLex Libros (Servicio en ln̕ea) 
856 4 0 |u http://vlex.com/source/management-impresa-e-strategie-competitive-11386  |z Acceso restringido 
942 |c BOOK 
999 0 |a Industrial management